| 000 | 02446nam a22003497a 4500 | ||
|---|---|---|---|
| 001 | 101012 | ||
| 003 | KnowledgeUnlatched | ||
| 005 | 20210303104758.0 | ||
| 006 | m o d | ||
| 007 | cr u|||||||||| | ||
| 008 | 210129p20182019ncu o u00| u eng d | ||
| 037 | _5BiblioBoard | ||
| 245 | 0 | 2 |
_aA Nation on the Line _bCall Centers as Postcolonial Predicaments in the Philippines / _cJan M. Padios. |
| 020 | _a9781478091004 | ||
| 029 | 1 | _ahttps://library.biblioboard.com/ext/api/media/1134d93e-24fc-430a-8e06-84f21a9559ad/assets/thumbnail.jpg | |
| 040 |
_aScCtBLL _cScCtBLL |
||
| 100 | 1 |
_aPadios, Jan M. _eauthor. |
|
| 264 | 1 | _bDuke University Press, | |
| 300 | _a1 online resource (250 p.) | ||
| 506 | 0 |
_aAccess copy available to the general public. _fUnrestricted _2star |
|
| 520 | _aIn 2011 the Philippines surpassed India to become what the New York Times referred to as "the world's capital of call centers." By the end of 2015 the Philippine call center industry employed over one million people and generated twenty-two billion dollars in revenue. In A Nation on the Line Jan M. Padios examines this massive industry in the context of globalization, race, gender, transnationalism, and postcolonialism, outlining how it has become a significant site of efforts to redefine Filipino identity and culture, the Philippine nation-state, and the value of Filipino labor. She also chronicles the many contradictory effects of call center work on Filipino identity, family, consumer culture, and sexual politics. As Padios demonstrates, the critical question of call centers does not merely expose the logic of transnational capitalism and the legacies of colonialism; it also problematizes the process of nation-building and peoplehood in the early twenty-first century. | ||
| 588 | 0 | _aDescription based on print version record. | |
| 590 | _aKU Select 2017: Front list Collection | ||
| 650 | 7 |
_aSocial Science / Anthropology / Cultural & Social _2bisacsh |
|
| 650 | 0 | _aSocial sciences | |
| 655 | 0 | _aElectronic books. | |
| 758 |
_iIs found in: _aKnowledge Unlatched _1https://openresearchlibrary.org/module/2774bc74-146a-484f-a7ba-ab1d6a09bbfb |
||
| 856 | 4 | 0 |
_uhttps://openresearchlibrary.org/content/1134d93e-24fc-430a-8e06-84f21a9559ad _zView this content on Open Research Library. _70 |
| 999 |
_c32610 _d32610 |
||